| 000 | 00344nam a2200145 i 4500 | ||
|---|---|---|---|
| 001 | 39362 | ||
| 003 | ES-MaACL | ||
| 005 | 20230906155946.0 | ||
| 007 | t| | ||
| 008 | 030227s1914 sp ||||1| spa d | ||
| 245 | 0 | 3 | _aEl canal de la izquierda del Ebro. |
| 260 |
_aBarcelona : _b[s.n.], _c1914. |
||
| 300 | _a1 v. | ||
| 852 |
_aES-MaACL _j1499-F-2 |
||
| 999 |
_c39362 _d39362 |
||